Psikologi Pembelajaran

Bibliographic Details
Main Authors: Habibah Elias (Author), Rahil Hj. Mahyuddin (Author)
Format: Book
Language:Malay
Published: Kuala Lumpur : Dewan Bahasa dan Pustaka 1990
Subjects:

MARC

LEADER 00000cam a2200000 7i4500
001 0000001090
005 20240924.0
008 991125 my may
020 |a 9836213171 
040 |a INS   |b eng   |e rda 
090 0 0 |a LB1051   |b .H22 1990 
100 0 |a Habibah Elias ,   |e author 
245 1 0 |a Psikologi Pembelajaran   |c Habibah Elias, Rahil Hj. Mahyuddin 
264 1 |a Kuala Lumpur :   |b Dewan Bahasa dan Pustaka   |c 1990 
264 4 |c ©1990 
300 |a 179 pages ;   |c 21 cm. 
336 |a text  |2 rdacontent 
337 |a unmediated  |2 rdamedia 
338 |a volume  |2 rdacarrier 
504 |a Includes bibliographical references and index 
650 0 |a Learning, psychology of educational psychology 
700 0 |a Rahil Hj. Mahyuddin ,   |e author 
999 |a 0000004055   |b BOOK   |c Open Shelf   |e Default branch 
999 |a 0000004056   |b BOOK   |c Open Shelf   |e Default branch